000 00248nam a2200109Ia 4500
008 210707s2009 xx 000 0 und d
041 _aeng
082 _aCD230
245 _aElectronics for you March 2009
260 _c2009
650 _aElectronics
999 _c177264
_d177264